[Event "St Petersburg Korchnoi Memorial op"]
[Site "St Petersburg"]
[Date "2019.08.18"]
[Round "5"]
[White "Kuizhev, Adam"]
[Black "Lenkova, Lidiya"]
[Result "1-0"]
[WhiteElo "1804"]
[BlackElo "1537"]
[PlyCount "41"]
[EventDate "2019.08.14"]
[EventType "swiss"]
[EventRounds "9"]
[EventCountry "RUS"]
[SourceTitle "CBM 192"]
[Source "ChessBase"]
[SourceDate "2019.10.31"]
[SourceVersion "1"]
[SourceVersionDate "2019.10.31"]
[SourceQuality "1"]

1. e4 d5 2. exd5 Qxd5 3. Nc3 Qa5 4. d4 c6 5. Nf3 Nf6 6. Bd2 Qc7 7. Bc4 b5 8. Bd3 g6 9. 0-0 Bg7 10. Qc1 0-0 11. Bh6 Nbd7 12. Bxg7 Kxg7 13. Ne2 Bb7 14. Ng3 e6 15. Rd1 Rad8 16. Ne5 h6 17. h4 Nxe5 18. dxe5 Nd5 19. Be4 Qxe5 20. Bxg6 Qf4 21. Nh5+ 1-0

[Event "St Petersburg Korchnoi Memorial op"]
[Site "St Petersburg"]
[Date "2019.08.14"]
[Round "1"]
[White "Ufimtsev, Egor"]
[Black "Lenkova, Lidiya"]
[Result "1-0"]
[WhiteElo "2148"]
[BlackElo "1537"]
[PlyCount "87"]
[EventDate "2019.08.14"]
[EventType "swiss"]
[EventRounds "9"]
[EventCountry "RUS"]
[SourceTitle "CBM 192"]
[Source "ChessBase"]
[SourceDate "2019.10.31"]
[SourceVersion "1"]
[SourceVersionDate "2019.10.31"]
[SourceQuality "1"]

1. Nf3 f5 2. c4 Nf6 3. d4 g6 4. Nc3 Bg7 5. g3 0-0 6. Bg2 d6 7. 0-0 c6 8. d5 e5 9. dxe6 Bxe6 10. Qd3 Qe7 11. Bf4 Rd8 12. Rad1 Bf8 13. e4 Na6 14. exf5 Bxf5 15. Qd4 Nc5 16. Rfe1 Ne6 17. Qd2 Qd7 18. Bh6 Bxh6 19. Qxh6 Qg7 20. Qxg7+ Kxg7 21. Nh4 Kf7 22. Nxf5 gxf5 23. Bh3 Ng7 24. Bg2 Rd7 25. h4 Ne6 26. Bh3 Ng7 27. Re3 Re8 28. Red3 Red8 29. Rf3 Kg6 30. Ne2 Ng4 31. Nd4 Rf7 32. Nxf5 Ne5 33. h5+ Nxh5 34. Nh4+ Kg7 35. Rf5 Rxf5 36. Nxf5+ Kf6 37. Rxd6+ Rxd6 38. Nxd6 Ke7 39. c5 Nd3 40. Nxb7 Nxb2 41. Na5 Nd3 42. Nxc6+ Ke8 43. Bf5 Nxc5 44. Bxh7 1-0

[Event "St Petersburg Summer op"]
[Site "St Petersburg"]
[Date "2017.08.21"]
[Round "6"]
[White "Turetsky, Mark"]
[Black "Lenkova, Lidiya"]
[Result "1/2-1/2"]
[WhiteElo "1639"]
[BlackElo "1583"]
[PlyCount "77"]
[EventDate "2017.08.16"]
[EventType "swiss"]
[EventRounds "9"]
[EventCountry "RUS"]
[SourceTitle "CBM 180 Extra"]
[Source "ChessBase"]
[SourceDate "2017.10.06"]
[SourceVersion "1"]
[SourceVersionDate "2017.10.06"]
[SourceQuality "1"]

1. c4 f5 2. d4 e6 3. Nf3 Nf6 4. Nc3 d6 5. Qc2 Be7 6. g3 0-0 7. Bg2 h6 8. 0-0 Nbd7 9. Nh4 Qe8 10. Nb5 Bd8 11. b3 g5 12. Nf3 Ne4 13. Nc3 Ndf6 14. Nd2 Nxd2 15. Bxd2 Rb8 16. Rfe1 b6 17. e4 fxe4 18. Nxe4 Bb7 19. Nxf6+ Rxf6 20. Bxb7 Rxb7 21. Qe4 Rb8 22. f4 gxf4 23. Bxf4 Qg6 24. Qxg6+ Rxg6 25. Re2 Kf7 26. Rf1 Kg7 27. Ref2 Bf6 28. Be3 h5 29. Kg2 h4 30. Rf3 hxg3 31. Rxg3 Rh8 32. Rxg6+ Kxg6 33. h3 Rh4 34. Rd1 Re4 35. Kf3 d5 36. Bf2 c6 37. Rd2 Kh5 38. Re2 Rxe2 39. Kxe2 1/2-1/2

[Event "St Petersburg Summer op"]
[Site "St Petersburg"]
[Date "2017.08.19"]
[Round "4"]
[White "Fedorov, Ivan"]
[Black "Lenkova, Lidiya"]
[Result "1-0"]
[WhiteElo "1806"]
[BlackElo "1583"]
[PlyCount "47"]
[EventDate "2017.08.16"]
[EventType "swiss"]
[EventRounds "9"]
[EventCountry "RUS"]
[SourceTitle "CBM 180 Extra"]
[Source "ChessBase"]
[SourceDate "2017.10.06"]
[SourceVersion "1"]
[SourceVersionDate "2017.10.06"]
[SourceQuality "1"]

1. e4 d5 2. exd5 Qxd5 3. Nf3 Nf6 4. d4 c6 5. Be2 b5 6. 0-0 g6 7. c4 Qd7 8. Ne5 Qb7 9. cxb5 cxb5 10. Qb3 Be6 11. Bxb5+ Kd8 12. d5 Nxd5 13. Rd1 Kc8 14. Na3 a6 15. Bc4 Qxb3 16. axb3 Nb6 17. Bxe6+ fxe6 18. Nf7 Rg8 19. Bf4 N8d7 20. Rac1+ Kb7 21. Rc7+ Kb8 22. Rcxd7+ Kc8 23. Rc7+ Kb8 24. Rd8+ 1-0

[Event "St Petersburg Summer op"]
[Site "St Petersburg"]
[Date "2017.08.17"]
[Round "2"]
[White "Kirchei, Viktoriia"]
[Black "Lenkova, Lidiya"]
[Result "1-0"]
[WhiteElo "1904"]
[BlackElo "1583"]
[PlyCount "49"]
[EventDate "2017.08.16"]
[EventType "swiss"]
[EventRounds "9"]
[EventCountry "RUS"]
[SourceTitle "CBM 180 Extra"]
[Source "ChessBase"]
[SourceDate "2017.10.06"]
[SourceVersion "1"]
[SourceVersionDate "2017.10.06"]
[SourceQuality "1"]

1. e4 d5 2. exd5 Qxd5 3. Nc3 Qd8 4. d4 Nf6 5. Nf3 c6 6. Bc4 b5 7. Bb3 a5 8. a3 Bb7 9. 0-0 e6 10. Qe2 Ba6 11. Ne4 Be7 12. Re1 0-0 13. Neg5 b4 14. Qe3 Ng4 15. Nxf7 Nxe3 16. Nxd8 Rxd8 17. Bxe6+ Kf8 18. Bxe3 bxa3 19. bxa3 Bf6 20. Rad1 Rd6 21. Bf4 Rd8 22. c3 Be7 23. Bxb8 Raxb8 24. Ne5 Rb2 25. Nxc6 1-0

[Event "Nezhmetdinov Memorial 38th"]
[Site "Kazan"]
[Date "2016.06.06"]
[Round "7"]
[White "Lenkova, Lidiya"]
[Black "Shevtsov, Mikhail"]
[Result "1/2-1/2"]
[WhiteElo "1518"]
[BlackElo "1728"]
[PlyCount "66"]
[EventDate "2016.05.31"]
[EventType "swiss"]
[EventRounds "9"]
[EventCountry "RUS"]
[SourceTitle "CBM 172 Extra"]
[Source "ChessBase"]
[SourceDate "2016.06.21"]
[SourceVersion "1"]
[SourceVersionDate "2016.06.21"]
[SourceQuality "1"]

1. c4 c6 2. Nf3 d5 3. b3 Bg4 4. e3 d4 5. h3 Bxf3 6. Qxf3 Nf6 7. Bb2 e5 8. exd4 exd4 9. Be2 Bc5 10. 0-0 0-0 11. Na3 Qa5 12. Nc2 Qxd2 13. Bd3 Nbd7 14. Rfd1 Qg5 15. Bxd4 Bxd4 16. Nxd4 Ne5 17. Qf5 Qxf5 18. Bxf5 g6 19. Bc2 Rad8 20. Ne2 c5 21. f4 Nc6 22. a3 Rfe8 23. Kf2 Nh5 24. g3 Kg7 25. Rd5 Rxd5 26. cxd5 Nd4 27. Nxd4 cxd4 28. Rd1 Rd8 29. Rxd4 Nf6 30. d6 Ne8 31. d7 Nf6 32. Be4 Nxe4+ 33. Rxe4 Rxd7 1/2-1/2